000 02602nam a22002417a 4500
005 20250421162043.0
008 250421b |||||||| |||| 00| 0 eng d
020 _a9789360531706
040 _cAIMIT LIBRARY
082 _28
_a338.433621
_bHENJ
100 _aHenderson, James W.
_9208609
245 _aHealth economics and policy /
_cBy James W Henderson.
250 _a8th ed.
260 _aNew Delhi :
_bCengage ,
_c2024.
300 _axvi,528p. ;
_bPB
_c25.8 cm
500 _aThoroughly examine how microeconomic principles apply to health care delivery and its policies with Henderson's insightful HEALTH ECONOMICS AND POLICY, 8E. Updates and expanded content help you explore the changing nature of health care, the social and political sides of issues and the future of health care delivery. Special features address issues in healthcare today, profile health care leaders and offer global comparisons.
501 _aFirst chapter defines core focus and introduces ten key concepts. "Issues in Medical Care Delivery" feature summarizes critical studies. Profiles of real individuals highlight their impact on health care economics and policy. "Back of the Envelope" feature teaches analytical model usage. Discussion of "Applied Micro Methods" addresses estimation bias in observational studies. Global comparisons highlight differences in U.S. healthcare versus other countries.
505 _aPART I: The Relevance of Economics in Health and Medical Care. 1. U.S. Medical Care: A System at the Crossroads. 2. Health Care Spending Issues. 3. Health Care Markets: Can They Work? 4. Welfare Implications in Medical Markets. 5. Economic Evaluation in Health Care. PART II: Demand-Side Consideration. 6. Demand for Health and Medical Care. 7. Population Health. PART III: Supply-Side Consideration. 8. The Market for Health Insurance. 9. Managed Care. 10. The Physicians’ Services Market. 11. The Hospital Services Market. 12. Pharmaceuticals. PART IV: Public Policy in Medical Care Delivery. 13. Medicare. 14. Medicaid. 15. Health Systems in High Income Countries. 16. Medical Care Reform in the United States. 17. Lessons for Public Policy.
_rJames W. Henderson James W. Henderson is the Ben H. Williams Professor of Economics at Baylor University, where his teaching and research center on health economics and policy.
650 _aDemand side consideration
_9208610
650 _aSupply side consideration
_9208611
650 _aPublic policy in medical care delivery
_9208612
942 _2ddc
_cBK
_e8th
_k338.433621 HENJ
999 _c234199
_d234199